Подробности
| 000 -МАРКЕР |
| контрольное поле |
01824nam0a2200361 4500 |
| 001 - ИДЕНТИФИКАТОР ЗАПИСИ |
| контрольное поле |
RU\NLR\bibl\196817 |
| 005 - ИДЕНТИФИКАТОР ВЕРСИИ |
| контрольное поле |
20260405071937.0 |
| 010 ## - МЕЖДУНАРОДНЫЙ СТАНДАРТНЫЙ НОМЕР КНИГИ (ISBN) |
| Номер (ISBN) |
5-901403-01-0 |
| Уточнения |
В пер. |
| Тираж |
3000 |
| 021 ## - НОМЕР ГОСУДАРСТВЕННОЙ РЕГИСТРАЦИИ |
| Код страны |
российская федерация |
| Номер |
2001-14058 |
| Номер Листа государственной регистраци |
660 |
| 035 ## - ДРУГИЕ СИСТЕМНЫЕ НОМЕРА |
| Идентификатор записи |
(NLR Aleph) 000193263 |
| 100 ## - ДАННЫЕ ОБЩЕЙ ОБРАБОТКИ |
| Данные общей обработки |
20010619d2000 |||y0rusy50 ca |
| 101 0# - ЯЗЫК РЕСУРСА |
| Язык текста, звукозаписи и т.д. |
русский |
| 102 ## - СТРАНА ПУБЛИКАЦИИ ИЛИ ПРОИЗВОДСТВА |
| Страна публикации |
российская федерация |
| 105 ## - ПОЛЕ КОДИРОВАННЫХ ДАННЫХ: ТЕКСТОВЫЕ МАТЕРИАЛЫ, МОНОГРАФИЧЕСКИЕ |
| Кодированные данные о монографическом текстовом документе |
ac ||||||||| |
| 200 1# - ЗАГЛАВИЕ И СВЕДЕНИЯ ОБ ОТВЕТСТВЕННОСТИ |
| Основное заглавие |
Морские судьбы начинаются здесь... |
| Сведения, относящиеся к заглавию |
К 110-летию мор. образования в Приморье |
| -- |
Ист. очерки, арх. док., воспоминания современников, зап. очевидцев |
| -- |
[О Дальневост. гос. мор. акад. им. Г. И. Невельского |
| Первые сведения об ответственности |
Редкол.: В.И. Седых (гл. ред.) и др.] |
| 210 ## - ПУБЛИКАЦИЯ, РАСПРОСТРАНЕНИЕ И ДР. |
| Место издания, распространения и т.д. |
Владивосток |
| Имя издателя, распространителя и т. д. |
Кунгурова |
| -- |
ТОНИ |
| Дата издания, распространения и т.д. |
2000 |
| 215 ## - ФИЗИЧЕСКАЯ ХАРАКТЕРИСТИКА |
| Специфическое обозначение материала и объем |
240 с. |
| Другие сведения о физической характеристике |
ил., портр., цв. ил. |
| Размеры |
24 |
| 601 02 - НАИМЕНОВАНИЕ ОРГАНИЗАЦИИ КАК ПРЕДМЕТ |
| Начальный элемент ввода |
Дальневосточная государственная морская академия им. Г. И. Невельского |
| Идентифицирующий признак |
Владивосток |
| Код системы |
psbo |
| 606 0# - НАИМЕНОВАНИЕ ТЕМЫ КАК ПРЕДМЕТ |
| Наименование темы |
Морское образование |
| Формальный подзаголовок |
Воспоминания, записки и т.п. |
| Географический подзаголовок |
Приморье |
| Системный номер авторитетной/нормативной записи |
2224426 |
| Идентификатор авторитетной/нормативной записи |
RU\NLR\auth\661335463 |
| 610 0# - НЕКОНТРОЛИРУЕМЫЕ ПРЕДМЕТНЫЕ ТЕРМИНЫ |
| Предметный термин |
Морские академии - История |
| 610 0# - НЕКОНТРОЛИРУЕМЫЕ ПРЕДМЕТНЫЕ ТЕРМИНЫ |
| Предметный термин |
Приморский край, воен. образование |
| 675 ## - УНИВЕРСАЛЬНАЯ ДЕСЯТИЧНАЯ КЛАССИФИКАЦИЯ (UDC/УДК) |
| Индекс |
355.231(47+57) |
| Издание |
3 |
| Язык издания |
rus |
| 686 ## - ИНДЕКСЫ ДРУГИХ КЛАССИФИКАЦИЙ |
| Индекс |
68.49(2)3 |
| Код системы |
|
| 686 ## - ИНДЕКСЫ ДРУГИХ КЛАССИФИКАЦИЙ |
| Индекс |
Ч488.759.3 |
| 686 ## - ИНДЕКСЫ ДРУГИХ КЛАССИФИКАЦИЙ |
| Индекс |
Ч478.759.3 |
| 702 #1 - ИМЯ ЛИЦА - ВТОРИЧНАЯ ОТВЕТСТВЕННОСТЬ |
| Код отношения |
Редактор |
| Материалы, к которым относится поле |
rus |
| Графика поля |
Кириллица |
| Начальный элемент ввода |
Седых |
| Часть имени, кроме начального элемента ввода |
В.И. |
| Даты |
1941- |
| Расширение инициалов личного имени |
Вячеслав Иванович |
| Идентификатор авторитетной/нормативной записи |
RU\NLR\auth\7724740 |
| Системный номер авторитетной/нормативной записи |
7790 |
| 801 #0 - ИСТОЧНИК ЗАПИСИ |
| Страна |
российская федерация |
| Организация |
RKP |
| Дата составления |
20010619 |
| Правила каталогизации |
PSBO |
| 801 #1 - ИСТОЧНИК ЗАПИСИ |
| Страна |
российская федерация |
| Организация |
RKP |
| Дата составления |
20010619 |
| 801 #2 - ИСТОЧНИК ЗАПИСИ |
| Страна |
российская федерация |
| Организация |
NLR |
| Дата составления |
20070306 |
| Правила каталогизации |
rcr |
| 942 ## - ДОПОЛНИТЕЛЬНЫЕ ЭЛЕМЕНТЫ ЗАПИСИ (АБИС) |
| Тип экземпляра АБИС |
Книга |
| 980 ## - КОЛЛЕКЦИЯ |
| Название коллекции |
Национальная библиография |